Mouvements indépendantistes d'Europe sur une carte - Statistiques

Statistiques générales
  • Ce quiz a été pris 17 243 fois
  • Le résultat moyen est 10 sur 22
Réponses sur la Carte
Les réponses sont colorées sur une échelle allant du rouge au vert en fonction du pourcentage des utilisateurs qui les ont devinées à leur premier essai. Vous pouvez retrouver ces pourcentages ci-dessous.
 
Statistiques - réponses
Actuellement rattaché à... Territoire % Correct
France Bretagne
97%
Royaume-Uni Écosse
93%
Espagne Catalogne
90%
France Corse
89%
Italie Sicile
87%
Espagne, France Pays basque
83%
Belgique Flandre
65%
Allemagne Bavière
58%
Royaume-Uni Île de Man
55%
Espagne Galice
45%
Russie Kaliningrad
42%
Finlande, Norvège, Russie, Suède Laponie
42%
Danemark Îles Féroé
38%
Moldavie Transnistrie
31%
Royaume-Uni Cornouailles
29%
Pologne, Tchéquie, Allemagne Silésie
16%
Finlande Åland
13%
Russie Carélie
13%
Bosnie-Herzégovine République serbe
12%
Serbie Voïvodine
8%
Italie Padanie
7%
Suède Scanie
6%
Aucun quiz correspondant
Distribution des résultats
% des personnes avec chaque résultat
Percentile par nombre de réponses
Votre historique - résultats
Vous n’avez pas pris ce quiz